| 000 | 00407nam a22001337a 4500 | ||
|---|---|---|---|
| 082 | _a345.5491072 QUR | ||
| 100 | _aQureshi, Waseem Ahmad | ||
| 245 |
_aLaw of Bail: _bwith up-to-date Case Laws / _cWaseem Ahmad Qureshi |
||
| 260 |
_aIslamabad : _bIslamabad Law Book House, _c2014. |
||
| 300 |
_a817 p. ; _c24 cm. |
||
| 942 |
_2ddc _cBK |
||
| 999 |
_c587132 _d587132 |
||